[Event "Olomouc Chess Summer 2022 - D"]
[Site "Olomouc (CZE), Hotel Flora"]
[Date "2022.08.14"]
[Round "2"]
[Board "6"]
[White "Kubicek, Antonin"]
[Black "Spanton, Tim R"]
[Result "1-0"]
[WhiteElo "2084"]
[BlackElo "1852"]
[PlyCount "0"]
[EventDate "2022.08.13"]
[EventRounds "9"]
[EventCountry "CZE"]

1. d4 {[%clk 1:30:56]} d5 {[%clk 1:30:54]} 2. Nf3 {[%clk 1:31:21]} e6
{[%clk 1:31:21]} 3. Bf4 {[%clk 1:30:46]} c5 {[%clk 1:30:53]} 4. e3
{[%clk 1:28:19]} Qb6 {[%clk 1:30:59]} 5. Qc1 {[%clk 1:27:26]} Nc6
{[%clk 1:30:53]} 6. c3 {[%clk 1:27:33]} Bd7 {[%clk 1:30:30]} 7. Nbd2
{[%clk 1:22:30]} Nf6 {[%clk 1:30:09]} 8. Bd3 {[%clk 1:20:27]} Rc8
{[%clk 1:30:08]} 9. O-O {[%clk 1:17:49]} cxd4 {[%clk 1:29:57]} 10. exd4
{[%clk 1:18:01]} Nb4 {[%clk 1:30:04]} 11. Be2 {[%clk 1:13:12]} Bb5
{[%clk 1:27:00]} 12. Qd1 {[%clk 1:08:44]} Nd3 {[%clk 1:25:39]} 13. Qb3
{[%clk 1:06:01]} Be7 {[%clk 1:18:33]} 14. Bg3 {[%clk 0:52:45]} O-O
{[%clk 1:16:33]} 15. a4 {[%clk 0:48:54]} Bc4 {[%clk 1:15:26]} 16. Qxb6
{[%clk 0:48:49]} axb6 {[%clk 1:15:50]} 17. Nxc4 {[%clk 0:48:07]} dxc4
{[%clk 1:16:05]} 18. Bxd3 {[%clk 0:47:41]} cxd3 {[%clk 1:16:29]} 19. Rfd1
{[%clk 0:47:33]} Ra8 {[%clk 1:15:29]} 20. Ne5 {[%clk 0:46:59]} Ra6
{[%clk 1:14:29]} 21. c4 {[%clk 0:43:38]} Rfa8 {[%clk 1:12:49]} 22. b3
{[%clk 0:43:37]} d2 {[%clk 1:12:27]} 23. Rxd2 {[%clk 0:42:43]} Bb4
{[%clk 1:12:32]} 24. Rd3 {[%clk 0:42:07]} Rd8 {[%clk 1:12:31]} 25. Rad1
{[%clk 0:38:31]} Ne4 {[%clk 1:12:21]} 26. Kf1 {[%clk 0:36:32]} Raa8
{[%clk 1:11:16]} 27. f3 {[%clk 0:34:53]} Nxg3+ {[%clk 1:10:50]} 28. hxg3
{[%clk 0:35:14]} h5 {[%clk 1:10:27]} 29. f4 {[%clk 0:35:15]} f6 {[%clk 1:10:13]}
30. Nf3 {[%clk 0:35:37]} Kf7 {[%clk 1:10:24]} 31. d5 {[%clk 0:34:40]} exd5
{[%clk 1:10:41]} 32. Rxd5 {[%clk 0:35:01]} Rxd5 {[%clk 1:10:27]} 33. Rxd5
{[%clk 0:35:20]} g6 {[%clk 1:09:39]} 34. Rd7+ {[%clk 0:35:13]} Ke6
{[%clk 1:10:00]} 35. Rxb7 {[%clk 0:35:35]} Bc5 {[%clk 1:10:03]} 36. b4
{[%clk 0:35:21]}  1-0

[Event "Olomouc Chess Summer 2022 - D"]
[Site "Olomouc (CZE), Hotel Flora"]
[Date "2022.08.14"]
[Round "2"]
[Board "7"]
[White "Sedlak, Ludek"]
[Black "Krejci, Jan"]
[Result "1-0"]
[WhiteElo "1852"]
[BlackElo "2055"]
[PlyCount "0"]
[EventDate "2022.08.13"]
[EventRounds "9"]
[EventCountry "CZE"]

1. e4 {[%clk 1:30:56]} e5 {[%clk 1:30:44]} 2. Nc3 {[%clk 1:31:18]} Nc6
{[%clk 1:30:33]} 3. g3 {[%clk 1:31:19]} Bc5 {[%clk 1:30:19]} 4. Bg2
{[%clk 1:31:30]} d6 {[%clk 1:30:18]} 5. d3 {[%clk 1:30:52]} Nge7 {[%clk 1:29:03]}
6. Na4 {[%clk 1:30:19]} Bb6 {[%clk 1:28:41]} 7. Nxb6 {[%clk 1:30:33]} axb6
{[%clk 1:29:04]} 8. Ne2 {[%clk 1:30:40]} Bg4 {[%clk 1:23:10]} 9. f3
{[%clk 1:23:38]} Be6 {[%clk 1:22:41]} 10. f4 {[%clk 1:19:29]} f6 {[%clk 1:11:58]}
11. O-O {[%clk 1:17:34]} O-O {[%clk 1:11:33]} 12. f5 {[%clk 1:13:45]} Bf7
{[%clk 1:11:30]} 13. g4 {[%clk 1:13:38]} d5 {[%clk 1:10:13]} 14. g5
{[%clk 1:05:34]} dxe4 {[%clk 1:07:07]} 15. gxf6 {[%clk 1:03:39]} gxf6
{[%clk 1:06:19]} 16. Bxe4 {[%clk 1:01:44]} Kh8 {[%clk 1:04:48]} 17. Kh1
{[%clk 1:00:47]} Bd5 {[%clk 1:04:33]} 18. Ng3 {[%clk 1:00:25]} Bxe4+
{[%clk 1:03:58]} 19. Nxe4 {[%clk 1:00:22]} Qd5 {[%clk 0:57:34]} 20. c4
{[%clk 0:50:33]} Qf7 {[%clk 0:50:48]} 21. Qg4 {[%clk 0:50:16]} Ng8
{[%clk 0:47:51]} 22. Rg1 {[%clk 0:47:40]} Nb4 {[%clk 0:46:41]} 23. Rg3
{[%clk 0:46:54]} Nc2 {[%clk 0:43:14]} 24. Rb1 {[%clk 0:46:56]} Rxa2
{[%clk 0:42:43]} 25. Bd2 {[%clk 0:46:25]} Raa8 {[%clk 0:37:25]} 26. Rbg1
{[%clk 0:46:06]} Rae8 {[%clk 0:35:25]} 27. h4 {[%clk 0:25:54]} Ne7
{[%clk 0:34:06]} 28. Bh6 {[%clk 0:20:59]} Rg8 {[%clk 0:24:49]} 29. Bg7+
{[%clk 0:21:12]} Rxg7 {[%clk 0:25:14]} 30. Qxg7+ {[%clk 0:21:37]} Qxg7
{[%clk 0:25:40]} 31. Rxg7 {[%clk 0:21:59]} Nxf5 {[%clk 0:25:56]} 32. Rxc7
{[%clk 0:21:56]} Rf8 {[%clk 0:25:51]} 33. Nxf6  1-0

[Event "Olomouc Chess Summer 2022 - D"]
[Site "Olomouc (CZE), Hotel Flora"]
[Date "2022.08.14"]
[Round "2"]
[Board "8"]
[White "Mikulas, Dusan"]
[Black "Huncar, Martin"]
[Result "1-0"]
[WhiteElo "2045"]
[BlackElo "1841"]
[PlyCount "0"]
[EventDate "2022.08.13"]
[EventRounds "9"]
[EventCountry "CZE"]

1. e4 {[%clk 1:30:57]} c5 {[%clk 1:29:00]} 2. Nf3 {[%clk 1:31:22]} e6
{[%clk 1:29:13]} 3. d4 {[%clk 1:31:40]} cxd4 {[%clk 1:29:35]} 4. Nxd4
{[%clk 1:32:06]} Nf6 {[%clk 1:29:44]} 5. Bd3 {[%clk 1:29:46]} Nc6
{[%clk 1:29:58]} 6. Nxc6 {[%clk 1:28:31]} bxc6 {[%clk 1:30:25]} 7. O-O
{[%clk 1:28:42]} d5 {[%clk 1:30:37]} 8. e5 {[%clk 1:27:36]} Nd7 {[%clk 1:30:53]}
9. Bf4 {[%clk 1:26:00]} Rb8 {[%clk 1:25:29]} 10. b3 {[%clk 1:23:56]} Qc7
{[%clk 1:24:26]} 11. Re1 {[%clk 1:23:22]} f5 {[%clk 1:23:31]} 12. g4
{[%clk 1:19:20]} Nc5 {[%clk 1:01:45]} 13. gxf5 {[%clk 1:18:07]} Nxd3 14. cxd3
{[%clk 1:13:22]} exf5 {[%clk 0:59:57]} 15. d4 {[%clk 1:12:36]} Be6
{[%clk 0:48:52]} 16. Nc3 {[%clk 1:11:07]} g5 {[%clk 0:42:32]} 17. Bd2
{[%clk 1:08:31]} f4 {[%clk 0:34:28]} 18. Na4 {[%clk 1:05:39]} h5 {[%clk 0:31:55]}
19. Qc2 {[%clk 1:03:34]} Rg8 {[%clk 0:25:59]} 20. Rac1 {[%clk 1:01:55]} Rc8
{[%clk 0:23:03]} 21. Nc5 {[%clk 0:59:37]} Bxc5 {[%clk 0:22:24]} 22. Qxc5
{[%clk 0:59:59]} Qd7 {[%clk 0:20:32]} 23. Bb4 {[%clk 0:58:20]} Bh3
{[%clk 0:19:39]} 24. e6 {[%clk 0:58:01]} Qc7 {[%clk 0:12:56]} 25. Re5
{[%clk 0:54:40]} g4 {[%clk 0:07:28]} 26. Rf5 {[%clk 0:52:20]} Qg7
{[%clk 0:05:39]} 27. Rf7 {[%clk 0:52:00]} Qg5 {[%clk 0:05:01]} 28. Rf8+
{[%clk 0:52:03]}  1-0

[Event "Olomouc Chess Summer 2022 - D"]
[Site "Olomouc (CZE), Hotel Flora"]
[Date "2022.08.14"]
[Round "2"]
[Board "9"]
[White "Bartos, Alois"]
[Black "Jerman, Richard"]
[Result "1/2-1/2"]
[WhiteElo "1843"]
[BlackElo "2038"]
[PlyCount "0"]
[EventDate "2022.08.13"]
[EventRounds "9"]
[EventCountry "CZE"]

1. d4 {[%clk 1:30:54]} Nf6 {[%clk 1:30:55]} 2. c4 {[%clk 1:30:59]} c5
{[%clk 1:31:21]} 3. d5 {[%clk 1:31:06]} e6 {[%clk 1:31:46]} 4. Nc3
{[%clk 1:31:19]} exd5 {[%clk 1:32:14]} 5. cxd5 {[%clk 1:31:32]} d6
{[%clk 1:32:38]} 6. Nf3 {[%clk 1:31:55]} g6 {[%clk 1:33:02]} 7. Nd2
{[%clk 1:32:08]} Bg7 {[%clk 1:33:22]} 8. Nc4 {[%clk 1:32:29]} O-O
{[%clk 1:33:34]} 9. Bf4 {[%clk 1:32:45]} Ne8 {[%clk 1:33:34]} 10. Qd2
{[%clk 1:33:00]} b6 {[%clk 1:31:20]} 11. Nb5 {[%clk 1:28:54]} Ba6
{[%clk 1:31:01]} 12. Nbxd6 {[%clk 1:11:45]} Nxd6 {[%clk 1:31:17]} 13. Nxd6
{[%clk 1:11:22]} g5 {[%clk 1:31:03]} 14. Nxf7 {[%clk 0:55:30]} Rxf7
{[%clk 1:30:37]} 15. Bxg5 {[%clk 0:55:54]} Qd6 {[%clk 1:29:21]} 16. g3
{[%clk 0:55:19]} Bb7 {[%clk 1:24:19]} 17. e4 {[%clk 0:52:39]} Qe5
{[%clk 1:10:31]} 18. O-O-O {[%clk 0:44:58]} Qxe4 {[%clk 1:10:18]} 19. Bh3
{[%clk 0:44:10]} Rf8 {[%clk 1:06:11]} 20. Rhe1 {[%clk 0:40:22]} Qc4+
{[%clk 1:06:09]} 21. Kb1 {[%clk 0:40:45]} Qd4 {[%clk 0:57:43]} 22. Qe2
{[%clk 0:18:51]} Qxf2 {[%clk 0:57:16]} 23. Qe6+ {[%clk 0:18:56]} Qf7
{[%clk 0:56:02]} 24. Rf1 {[%clk 0:13:27]} Qxe6 {[%clk 0:55:46]} 25. Bxe6+
{[%clk 0:13:29]} Kh8 {[%clk 0:56:10]} 26. Rxf8+ {[%clk 0:13:42]} Bxf8
{[%clk 0:56:36]} 27. Rf1 {[%clk 0:12:57]} Bg7 {[%clk 0:53:44]} 28. Rf7
{[%clk 0:13:16]} Ba6 {[%clk 0:53:13]} 29. Re7 {[%clk 0:10:28]} Bd3+
{[%clk 0:53:22]} 30. Kc1 {[%clk 0:10:51]} Na6 {[%clk 0:53:27]} 31. d6
{[%clk 0:09:36]} Bb5 {[%clk 0:48:33]} 32. Bd5 {[%clk 0:05:39]} Rf8
{[%clk 0:43:31]} 33. d7 {[%clk 0:04:17]} Nb4 {[%clk 0:37:48]} 34. Bf7
{[%clk 0:03:23]} Nd3+ {[%clk 0:22:36]} 35. Kc2 {[%clk 0:03:24]} Bxd7
{[%clk 0:21:59]} 36. Kxd3 {[%clk 0:02:59]} Bf5+ {[%clk 0:21:54]} 37. Kd2
{[%clk 0:02:55]} Bxb2 {[%clk 0:20:49]} 38. Rxa7 {[%clk 0:02:58]} Rc8
{[%clk 0:13:02]} 39. Bc4 {[%clk 0:02:10]} Be4 {[%clk 0:09:08]} 40. Rf7
{[%clk 0:01:30]} Bc6 {[%clk 0:03:00]} 41. Be6 {[%clk 0:24:45]} Bb7  1/2-1/2

[Event "Olomouc Chess Summer 2022 - D"]
[Site "Olomouc (CZE), Hotel Flora"]
[Date "2022.08.14"]
[Round "2"]
[Board "10"]
[White "Vales, Vaclav"]
[Black "Tomanek, Rafael"]
[Result "1-0"]
[WhiteElo "2036"]
[BlackElo "1828"]
[PlyCount "0"]
[EventDate "2022.08.13"]
[EventRounds "9"]
[EventCountry "CZE"]

1. d4 {[%clk 1:30:57]} Nf6 {[%clk 1:30:53]} 2. Nf3 {[%clk 1:31:25]} e6
{[%clk 1:31:10]} 3. c4 {[%clk 1:31:49]} b6 {[%clk 1:31:25]} 4. a3
{[%clk 1:32:15]} Be7 {[%clk 1:31:10]} 5. Nc3 {[%clk 1:32:33]} d5 {[%clk 1:30:41]}
6. cxd5 {[%clk 1:32:01]} Nxd5 {[%clk 1:30:13]} 7. e4 {[%clk 1:32:15]} Nxc3
{[%clk 1:30:15]} 8. bxc3 {[%clk 1:32:38]} O-O {[%clk 1:28:00]} 9. Bd3
{[%clk 1:32:10]} c5 {[%clk 1:22:57]} 10. O-O {[%clk 1:30:12]} Bb7
{[%clk 1:21:53]} 11. Bb2 {[%clk 1:25:56]} Qc7 {[%clk 1:19:11]} 12. Qe2
{[%clk 1:23:29]} Nd7 {[%clk 1:16:25]} 13. Nd2 {[%clk 1:19:52]} Rfe8
{[%clk 1:00:34]} 14. f4 {[%clk 1:16:17]} g6 {[%clk 0:58:44]} 15. e5
{[%clk 1:15:43]} Rad8 {[%clk 0:52:02]} 16. Rae1 {[%clk 1:07:02]} Bf8
{[%clk 0:48:57]} 17. Ne4 {[%clk 1:05:32]} Be7 {[%clk 0:47:12]} 18. Ng5
{[%clk 1:00:26]} Nf8 {[%clk 0:44:32]} 19. Nf3 {[%clk 0:54:37]} Rc8
{[%clk 0:42:11]} 20. g4 {[%clk 0:53:43]} c4 {[%clk 0:40:32]} 21. Bb1
{[%clk 0:50:30]} f5 {[%clk 0:35:36]} 22. exf6 {[%clk 0:46:07]} Bxf6
{[%clk 0:35:16]} 23. g5 {[%clk 0:45:28]} Bg7 {[%clk 0:34:45]} 24. Ne5
{[%clk 0:44:12]} Bxe5 {[%clk 0:29:14]} 25. Qxe5 {[%clk 0:43:38]} Qxe5
{[%clk 0:27:21]} 26. Rxe5 {[%clk 0:40:27]} Nd7 {[%clk 0:24:04]} 27. Re2
{[%clk 0:40:52]} b5 {[%clk 0:22:13]} 28. Kf2 {[%clk 0:38:34]} Kf7
{[%clk 0:21:34]} 29. h4 {[%clk 0:38:46]} Nb6 {[%clk 0:18:28]} 30. Kg3
{[%clk 0:37:54]} h5 {[%clk 0:15:58]} 31. gxh6 {[%clk 0:37:43]} Rh8
{[%clk 0:16:11]} 32. h5 {[%clk 0:38:01]} Rxh6 {[%clk 0:14:10]} 33. Bxg6+
{[%clk 0:38:12]} Kf6 {[%clk 0:13:52]} 34. f5 {[%clk 0:38:10]}  1-0

[Event "Olomouc Chess Summer 2022 - D"]
[Site "Olomouc (CZE), Hotel Flora"]
[Date "2022.08.14"]
[Round "2"]
[Board "11"]
[White "Prucek, Ladislav"]
[Black "Heppell, Ian N"]
[Result "1/2-1/2"]
[WhiteElo "1834"]
[BlackElo "2031"]
[PlyCount "0"]
[EventDate "2022.08.13"]
[EventRounds "9"]
[EventCountry "CZE"]

1. e4 {[%clk 1:27:29]} e5 {[%clk 1:30:55]} 2. Nf3 {[%clk 1:27:33]} d6
{[%clk 1:31:18]} 3. Nc3 {[%clk 1:26:35]} Nf6 {[%clk 1:30:15]} 4. d4
{[%clk 1:25:51]} exd4 {[%clk 1:30:38]} 5. Nxd4 {[%clk 1:26:08]} Be7
{[%clk 1:30:54]} 6. Nf5 {[%clk 1:21:54]} Bxf5 {[%clk 1:25:40]} 7. exf5
{[%clk 1:22:20]} d5 {[%clk 1:24:44]} 8. Be2 {[%clk 1:16:58]} c6 {[%clk 1:12:21]}
9. Bf3 {[%clk 1:12:58]} Nbd7 {[%clk 1:09:40]} 10. Bf4 {[%clk 1:09:47]} O-O
{[%clk 0:55:52]} 11. O-O {[%clk 1:06:38]} Qb6 {[%clk 0:54:10]} 12. Rb1
{[%clk 1:06:05]} Rfe8 {[%clk 0:52:23]} 13. g4 {[%clk 1:01:41]} Nc5
{[%clk 0:49:38]} 14. Be3 {[%clk 0:54:51]} Qc7 {[%clk 0:46:25]} 15. Qd4
{[%clk 0:49:59]} Bd6 {[%clk 0:41:58]} 16. h3 {[%clk 0:48:02]} b6 {[%clk 0:34:24]}
17. Rfe1 {[%clk 0:42:21]} Nfe4 {[%clk 0:28:32]} 18. Nxe4 {[%clk 0:41:17]} dxe4
{[%clk 0:19:09]} 19. Bg2 {[%clk 0:40:31]} Rad8 {[%clk 0:18:36]} 20. Qc4
{[%clk 0:38:21]} b5 {[%clk 0:15:57]}  1/2-1/2

[Event "Olomouc Chess Summer 2022 - D"]
[Site "Olomouc (CZE), Hotel Flora"]
[Date "2022.08.14"]
[Round "2"]
[Board "12"]
[White "Cap, Piotr"]
[Black "Aird, Ian"]
[Result "1-0"]
[WhiteElo "2025"]
[BlackElo "1809"]
[PlyCount "0"]
[EventDate "2022.08.13"]
[EventRounds "9"]
[EventCountry "CZE"]

1. d4 {[%clk 1:30:54]} d5 {[%clk 1:30:50]} 2. Nf3 {[%clk 1:30:41]} Nf6
{[%clk 1:31:07]} 3. c4 {[%clk 1:30:44]} e6 {[%clk 1:31:15]} 4. g3
{[%clk 1:31:00]} dxc4 {[%clk 1:31:28]} 5. Qa4+ {[%clk 1:28:28]} Bd7
{[%clk 1:30:57]} 6. Qxc4 {[%clk 1:28:47]} c5 {[%clk 1:30:25]} 7. Bg2
{[%clk 1:26:04]} b5 {[%clk 1:30:28]} 8. Qc2 {[%clk 1:25:44]} Na6 {[%clk 1:30:48]}
9. O-O {[%clk 1:19:44]} Rc8 {[%clk 1:29:08]} 10. Ne5 {[%clk 1:14:26]} cxd4
{[%clk 1:25:25]} 11. Qd1 {[%clk 1:14:51]} Qb6 {[%clk 1:21:59]} 12. Bg5
{[%clk 1:11:33]} Be7 {[%clk 1:17:30]} 13. Nd2 {[%clk 1:10:34]} h6
{[%clk 1:13:18]} 14. Nxd7 {[%clk 1:07:41]} Nxd7 {[%clk 1:11:15]} 15. Bxe7
{[%clk 1:08:01]} Kxe7 {[%clk 1:11:34]} 16. Nb3 {[%clk 1:07:17]} Rhd8
{[%clk 1:03:43]} 17. Qxd4 {[%clk 1:06:13]} Nf6 {[%clk 0:55:40]} 18. Qxb6
{[%clk 1:01:07]} axb6 {[%clk 0:55:45]} 19. Bb7 {[%clk 1:01:26]}  1-0

[Event "Olomouc Chess Summer 2022 - D"]
[Site "Olomouc (CZE), Hotel Flora"]
[Date "2022.08.14"]
[Round "2"]
[Board "13"]
[White "Kotva, Milan"]
[Black "Kastner, Oldrich"]
[Result "1-0"]
[WhiteElo "1829"]
[BlackElo "2006"]
[PlyCount "0"]
[EventDate "2022.08.13"]
[EventRounds "9"]
[EventCountry "CZE"]

1. e4 {[%clk 1:30:59]} Nf6 {[%clk 1:30:24]} 2. Nc3 {[%clk 1:31:13]} d6
{[%clk 1:29:41]} 3. d4 {[%clk 1:31:27]} g6 {[%clk 1:29:38]} 4. f4
{[%clk 1:29:40]} c5 {[%clk 1:28:56]} 5. d5 {[%clk 1:27:15]} Bg7 {[%clk 1:24:08]}
6. Nf3 {[%clk 1:24:49]} O-O {[%clk 1:19:26]} 7. Be2 {[%clk 1:24:33]} a6
{[%clk 1:14:06]} 8. a4 {[%clk 1:24:56]} Qc7 {[%clk 1:12:55]} 9. O-O
{[%clk 1:23:02]} Nbd7 {[%clk 1:12:25]} 10. Kh1 {[%clk 1:22:00]} Rb8
{[%clk 1:10:01]} 11. Qe1 {[%clk 1:13:28]} Re8 {[%clk 1:05:15]} 12. Qh4
{[%clk 1:11:57]} Nf8 {[%clk 0:59:14]} 13. Bc4 {[%clk 0:54:17]} N6d7
{[%clk 0:52:44]} 14. e5 {[%clk 0:52:37]} Nb6 {[%clk 0:49:13]} 15. Ba2
{[%clk 0:52:29]} Bf5 {[%clk 0:46:25]} 16. Rf2 {[%clk 0:47:38]} Bd7
{[%clk 0:39:51]} 17. Ng5 {[%clk 0:44:36]} Bxa4 {[%clk 0:32:53]} 18. f5
{[%clk 0:43:30]} Bb5 {[%clk 0:32:14]} 19. fxg6 {[%clk 0:41:22]} fxg6
{[%clk 0:30:37]} 20. Rxf8+ {[%clk 0:40:56]} Kxf8 {[%clk 0:29:42]} 21. Ne6+
{[%clk 0:40:54]} Kg8 {[%clk 0:29:56]} 22. Nxc7 {[%clk 0:40:50]} Rf8
{[%clk 0:30:23]} 23. Bh6 {[%clk 0:38:33]}  1-0

[Event "Olomouc Chess Summer 2022 - D"]
[Site "Olomouc (CZE), Hotel Flora"]
[Date "2022.08.14"]
[Round "2"]
[Board "14"]
[White "Dusbaba, Karel"]
[Black "Fiser, Milos"]
[Result "1-0"]
[WhiteElo "2005"]
[BlackElo "1789"]
[PlyCount "0"]
[EventDate "2022.08.13"]
[EventRounds "9"]
[EventCountry "CZE"]

1. c4 {[%clk 1:30:56]} c5 {[%clk 1:30:32]} 2. Nc3 {[%clk 1:31:12]} e6
{[%clk 1:29:45]} 3. e4 {[%clk 1:29:55]} Nc6 {[%clk 1:29:34]} 4. Nf3
{[%clk 1:30:17]} a6 {[%clk 1:28:18]} 5. Be2 {[%clk 1:29:32]} Nge7
{[%clk 1:25:17]} 6. d4 {[%clk 1:29:20]} cxd4 {[%clk 1:23:14]} 7. Nxd4
{[%clk 1:29:41]} Nxd4 {[%clk 1:16:21]} 8. Qxd4 {[%clk 1:30:08]} Nc6
{[%clk 1:16:38]} 9. Qe3 {[%clk 1:27:30]} Bb4 {[%clk 1:13:07]} 10. O-O
{[%clk 1:26:12]} Qe7 {[%clk 1:09:43]} 11. a3 {[%clk 1:20:52]} Bc5
{[%clk 1:09:03]} 12. Qd2 {[%clk 1:20:23]} O-O {[%clk 1:08:08]} 13. b4
{[%clk 1:19:51]} Ba7 {[%clk 1:06:26]} 14. Bb2 {[%clk 1:19:34]} Nd4
{[%clk 1:02:40]} 15. Bd1 {[%clk 1:18:20]} Nc6 {[%clk 0:58:30]} 16. Ne2
{[%clk 1:14:12]} f6 {[%clk 0:57:15]} 17. Bb3 {[%clk 1:12:59]} Kh8
{[%clk 0:56:33]} 18. Rad1 {[%clk 1:11:44]} Rd8 {[%clk 0:53:56]} 19. Kh1
{[%clk 1:09:57]} b6 {[%clk 0:51:31]} 20. f4 {[%clk 1:05:59]} Bb7 {[%clk 0:49:58]}
21. Rf3 {[%clk 1:05:02]} Qf7 {[%clk 0:48:26]} 22. Rd3 {[%clk 1:03:04]} Bc8
{[%clk 0:42:25]} 23. Bc2 {[%clk 1:01:30]} Bb8 {[%clk 0:40:07]} 24. Qe1
{[%clk 0:58:20]} Ne7 {[%clk 0:38:49]} 25. Rh3 {[%clk 0:57:17]} Ng6
{[%clk 0:36:54]} 26. Qf2 {[%clk 0:54:07]} Bc7 {[%clk 0:36:20]} 27. Qf3
{[%clk 0:54:10]} Bb7 {[%clk 0:35:52]} 28. Qh5 {[%clk 0:54:23]} h6
{[%clk 0:34:51]} 29. Rg3 {[%clk 0:41:55]} Ne5 {[%clk 0:32:33]} 30. Qxf7
{[%clk 0:39:39]} Nxf7 {[%clk 0:32:56]} 31. Rc3 {[%clk 0:39:28]} e5
{[%clk 0:30:57]} 32. f5 {[%clk 0:38:46]} Rac8 {[%clk 0:27:45]} 33. Kg1
{[%clk 0:38:01]} Bb8 {[%clk 0:27:44]} 34. Bd3 {[%clk 0:37:44]} Nd6
{[%clk 0:25:17]} 35. Ng3 {[%clk 0:37:48]} Kg8 {[%clk 0:24:19]} 36. Kf2
{[%clk 0:37:54]} Kf8 {[%clk 0:23:55]} 37. Bc1 {[%clk 0:37:26]} b5
{[%clk 0:21:04]} 38. c5 {[%clk 0:36:51]} Nf7 {[%clk 0:21:25]} 39. Bc2
{[%clk 0:36:12]} Bc6 {[%clk 0:20:12]} 40. Rcd3 {[%clk 0:35:16]} Bc7
{[%clk 0:15:46]} 41. Bb3 {[%clk 0:33:10]} Ke7 {[%clk 0:11:26]} 42. h4
{[%clk 0:30:28]} Bb8 {[%clk 0:09:22]} 43. Kf3 {[%clk 0:29:39]} Kf8
{[%clk 0:04:34]} 44. Nf1 {[%clk 0:29:18]} Ke7 {[%clk 0:02:12]} 45. Ne3
{[%clk 0:28:51]} Ke8 {[%clk 0:27:42]} 46. Nd5 {[%clk 0:49:56]} Ba7
{[%clk 0:28:00]} 47. Nc3 {[%clk 0:49:16]} Rb8 {[%clk 0:26:11]} 48. g4
{[%clk 0:48:59]} Rb7 {[%clk 0:26:05]} 49. Be3 {[%clk 0:47:57]} Bb8
{[%clk 0:26:00]} 50. R3d2 {[%clk 0:47:05]} Ra7 {[%clk 0:25:24]} 51. Nd5
{[%clk 0:45:32]} Rb7 {[%clk 0:24:23]} 52. Rg2 {[%clk 0:45:29]} Kf8
{[%clk 0:24:26]} 53. Rdg1 {[%clk 0:43:58]} d6 {[%clk 0:23:03]} 54. g5
{[%clk 0:44:11]} hxg5 {[%clk 0:17:48]} 55. hxg5 {[%clk 0:44:29]} fxg5
{[%clk 0:17:40]} 56. cxd6 {[%clk 0:43:47]} Bxd6 {[%clk 0:17:41]} 57. Bxg5
{[%clk 0:43:16]} Nxg5+ {[%clk 0:15:34]} 58. Rxg5 {[%clk 0:43:44]} Rdd7
{[%clk 0:14:37]} 59. Rh5 {[%clk 0:43:22]} Ke8 {[%clk 0:12:52]} 60. Rg6
{[%clk 0:42:39]} Kd8 {[%clk 0:11:28]} 61. Rh8+ {[%clk 0:42:34]}  1-0

[Event "Olomouc Chess Summer 2022 - D"]
[Site "Olomouc (CZE), Hotel Flora"]
[Date "2022.08.14"]
[Round "2"]
[Board "15"]
[White "Zidu, Jan"]
[Black "Kudrlicka, Ladislav"]
[Result "1/2-1/2"]
[WhiteElo "1815"]
[BlackElo "2003"]
[PlyCount "0"]
[EventDate "2022.08.13"]
[EventRounds "9"]
[EventCountry "CZE"]

1. d4 {[%clk 1:30:57]} d5 {[%clk 1:29:29]} 2. c4 {[%clk 1:31:18]} e6
{[%clk 1:29:31]} 3. Nc3 {[%clk 1:31:43]} Nf6 {[%clk 1:29:47]} 4. cxd5
{[%clk 1:32:07]} exd5 {[%clk 1:30:03]} 5. Bg5 {[%clk 1:32:29]} c6
{[%clk 1:29:55]} 6. e3 {[%clk 1:32:53]} Be7 {[%clk 1:27:40]} 7. Bd3
{[%clk 1:33:18]} O-O {[%clk 1:27:19]} 8. h3 {[%clk 1:33:16]} Nbd7
{[%clk 1:24:16]} 9. Nf3 {[%clk 1:33:34]} Re8 {[%clk 1:24:28]} 10. Qc2
{[%clk 1:32:50]} Nf8 {[%clk 1:24:12]} 11. Bf4 {[%clk 1:29:25]} Bd6
{[%clk 1:21:26]} 12. Bxd6 {[%clk 1:29:44]} Qxd6 {[%clk 1:21:34]} 13. Ne5
{[%clk 1:27:02]} N6d7 {[%clk 1:20:59]} 14. Nxd7 {[%clk 1:26:42]} Bxd7
{[%clk 1:20:56]} 15. O-O {[%clk 1:26:34]} Qf6 {[%clk 1:19:26]} 16. Ne2
{[%clk 1:25:09]} Qg5 {[%clk 1:10:31]} 17. Kh2 {[%clk 1:25:26]} Re6
{[%clk 1:08:46]} 18. Bf5 {[%clk 1:11:45]} Re7 {[%clk 1:03:58]} 19. Bxd7
{[%clk 1:10:17]} Nxd7 {[%clk 1:02:57]} 20. Ng3 {[%clk 1:09:22]} Rae8
{[%clk 0:53:48]} 21. Qf5 {[%clk 1:00:52]} Qxf5 {[%clk 0:37:01]} 22. Nxf5
{[%clk 1:01:18]} Re6 {[%clk 0:37:16]} 23. g4 {[%clk 0:54:52]} g6 {[%clk 0:35:05]}
24. Ng3 {[%clk 0:54:52]} Nb6 {[%clk 0:34:39]} 25. b3 {[%clk 0:51:41]} Nc8
{[%clk 0:34:05]} 26. a4 {[%clk 0:49:43]} Nd6 {[%clk 0:33:14]} 27. b4
{[%clk 0:43:39]} a6 {[%clk 0:33:27]} 28. Rac1 {[%clk 0:35:55]} Rf8
{[%clk 0:25:46]} 29. Rg1 {[%clk 0:32:38]} f5 {[%clk 0:17:36]} 30. gxf5
{[%clk 0:29:59]} Nxf5 {[%clk 0:18:04]} 31. Nxf5 {[%clk 0:28:22]} Rxf5
{[%clk 0:18:14]} 32. Kg2 {[%clk 0:23:22]} Rg5+ {[%clk 0:14:51]}  1/2-1/2